000 00958cab a2200337 4500
001 ABS44975
008 090401t1991 xxu||||| |||| 00| 0 eng d
035 _a(Sirsi) u50137
041 _aeng
100 _aDavey, C
245 _a1991 and the Euro-investor
260 _c1991
350 _a0
490 _aChartered Surveyor Weekly
_v36(3) 18 July 1991, 22-23(2)
520 _aDiscusses the findings of Nabarro Nathanson`s recent "Building a stake in Europe" examining the taxation and legal situation facing cross border investors in Europe. Country-by-country break down.
650 _aBELGIUM
650 _aFRANCE
650 _aGERMANY
650 _aIRELAND
650 _aITALY
650 _aLAND LAW
650 _aNETHERLANDS
650 _aPORTUGAL
650 _aPROPERTY LAW
650 _aSPAIN
650 _aUNITED KINGDON
690 _aEUROPE-SINGLE MARKET
700 _aSproul, D.
942 _n0
948 _c04/03/1997
999 _c31317
_d31317